Normal view MARC view

Entry Personal Name

Number of records used in: 1

001 - CONTROL NUMBER

  • control field: 527759

003 - CONTROL NUMBER IDENTIFIER

  • control field: OSt

005 - DATE AND TIME OF LATEST TRANSACTION

  • control field: 20220930070939.0

008 - FIXED-LENGTH DATA ELEMENTS

  • fixed length control field: 220930|| aca||aabn | a|a d

040 ## - CATALOGING SOURCE

  • Original cataloging agency: OSt
  • Transcribing agency: OSt

100 ## - HEADING--PERSONAL NAME

  • Personal name: Vij Anita

670 ## - SOURCE DATA FOUND

  • Source citation: Work cat.: (OSt)861624: Vij Anita, Evaluation of cryoanalgesia, intercostal nerve block with bupivacaine and conventional narcotic analgesics in the management of post-thoracotomy pain, 1985
Copyright @ Delhi University Library System